Transfer technológií sa začína v kaviarni
Rozhovor s Petrou Lipnickou, predsedníčkou Predstavenstva Neulogy a predsedníčkou Správnej rady Slovenskej organizácie pre výskumné a vývojové aktivity. Financovanie výskumu na Slovensku. Prečo sa slovenské univerzity nevenujú výskum vo väčšej miere. Prostredie, v ktorom sa vedci a firmy môžu stretá...
Salvato in:
| Autore principale: | |
|---|---|
| Altri autori: | |
| Natura: | Capitolo di libro |
| Lingua: | slovacco |
| Soggetti: | |
| Tags: |
Nessun Tag, puoi essere il primo ad aggiungerne!!
|
MARC
| LEADER | 00000naa a2200000 4500 | ||
|---|---|---|---|
| 001 | 0234337 | ||
| 005 | 20170711101031.2 | ||
| 041 | 0 | |a slo | |
| 044 | |a SK | ||
| 245 | 1 | 0 | |a Transfer technológií sa začína v kaviarni |c Martin Jesný, Petra Lipnická |
| 520 | |a Rozhovor s Petrou Lipnickou, predsedníčkou Predstavenstva Neulogy a predsedníčkou Správnej rady Slovenskej organizácie pre výskumné a vývojové aktivity. Financovanie výskumu na Slovensku. Prečo sa slovenské univerzity nevenujú výskum vo väčšej miere. Prostredie, v ktorom sa vedci a firmy môžu stretávať. Centrum excelentnosti pre aplikáciu pokročilých materiálov na Slovensku. | ||
| 610 | 2 | 0 | |a veda |
| 610 | 2 | 0 | |a podnik priemyselný |
| 610 | 2 | 0 | |a firmy |
| 610 | 2 | 0 | |a spolupráca vedeckovýskumná |
| 610 | 2 | 0 | |a financovanie vedy |
| 610 | 2 | 0 | |a financovanie vývoja |
| 100 | 1 | |a Jesný, Martin | |
| 700 | 1 | |a Lipnická, Petra | |